000 00619nam a2200169Ia 4500
003 GCL
008 140319s9999 xx 000 0 ara d
040 _aGCL /
_cGCL
082 0 4 _a411.5
_bك ج
100 1 _aكوثر بنت عبدالحليم بن محمد
245 1 0 _aالجهد الامين فى الحكاية عن اللسان العربى المبين /
_cكوثر بنت عبدالحليم بن محمد
300 _a184 ص
490 _aالهيئة العامة للاستعلامات
_v0
650 0 4 _aالاصوات اللغوية
650 0 4 _aاللغة العربية - النطق
942 _2ddc
_cBK
999 _c50095
_d50095